សំណង់ម៉ាស៊ីនប្រឡេះគ្រាប់ពោតដោយស្វ័យប្រវត្តិ (Record no. 4123)

000 -LEADER
fixed length control field 00504nam a22001577a 4500
003 - CONTROL NUMBER IDENTIFIER
control field OSt
005 - DATE AND TIME OF LATEST TRANSACTION
control field 20151206153654.0
008 - FIXED-LENGTH DATA ELEMENTS--GENERAL INFORMATION
fixed length control field 151206b xxu||||| |||| 00| 0 eng d
040 ## - CATALOGING SOURCE
Transcribing agency RUA
082 ## - DEWEY DECIMAL CLASSIFICATION NUMBER
Classification number ATM យូ​ 1994 B190 Or.1
100 ## - MAIN ENTRY--PERSONAL NAME
9 (RLIN) 4422
Personal name យូ សារឿន
245 ## - TITLE STATEMENT
Title សំណង់ម៉ាស៊ីនប្រឡេះគ្រាប់ពោតដោយស្វ័យប្រវត្តិ
260 ## - PUBLICATION, DISTRIBUTION, ETC. (IMPRINT)
Place of publication, distribution, etc. Phnom Penh
Name of publisher, distributor, etc. RUA
Date of publication, distribution, etc. 1994
300 ## - PHYSICAL DESCRIPTION
Extent 56p.
Other physical details ill.
Dimensions 29cm.
942 ## - ADDED ENTRY ELEMENTS (KOHA)
Source of classification or shelving scheme
Koha item type ATM
Holdings
Price effective from Date last seen Permanent Location Not for loan Date acquired Source of classification or shelving scheme Koha item type Lost status Withdrawn status Total Renewals Date last checked out Total Checkouts Shelving location Damaged status Barcode Current Location Full call number
2015-12-062016-08-06Library Block B 2015-12-06 ATM  12016-07-121B190 RUA043375Library Block BATM យូ​ 1994 B190 Or.1
2015-12-062015-12-06Library Block B 2015-12-06 ATM     B190 RUA043374Library Block BATM យូ​ 1994 B190 Or.2
2015-12-062015-12-06Library Block B 2015-12-06 ATM     B190 RUA043434Library Block BATM យូ​ 1994 B190 Or.3
2015-12-062018-06-16Library Block B 2015-12-06 ATM   2018-06-022B190 RUA043376Library Block BATM យូ​ 1994 B190 Or.4
មជ្ឈមណ្ឌលឯការនៃសាកលវិទ្យាល័យភូមិន្ទកសិកម្មចំការដូង

Powered by Koha